Is it in the EU(sudden death) - Statistics

General Stats
  • This quiz has been taken 33 times
  • The average score is 9 of 14
Answers on the Grid
Answers color-coded by a green-red scale on the quiz's grid according to % correct below.
UK
Ukraine
Russia
Germany
France
UAE
Somolia
Bosnia and Herzegovina
Romania
Iceland
Croatia
Liechtenstein
Italy
Serbia
Slovakia
Norway
Poland
Iceland
Spain
Sweden
Netherlands
Malta
Slovenia
Lithuania
 
Answer Stats
Answer % Correct
Italy
90%
Germany
86%
France
81%
Spain
81%
Lithuania
71%
Netherlands
71%
Poland
71%
Sweden
71%
Slovenia
67%
Romania
62%
Slovakia
62%
Croatia
57%
Malta
38%
Bosnia and Herzegovina
5%
No matching quizzes found
Score Distribution
Percent of People with Each Score
Percentile by Number Answered
Your Score History
You have not taken this quiz